00753nas a2200217Ia 4500001001100000003000900011008004100020040001300061040001300074041001300087100004900100210001400149222001400163245007100177250001100248260005000259501008600309300001600395500008800411650003600499R007/H5080IT-RoPAU151124c99999999xx |||||||||||| ||und|| aIT-RoPAU cIT-RoPAU aITALIANO aBertani AlessandrogCodice Aut. SPICS: 51947 aCINEFORUM aCineforum aVA E VIEM DI JOAO CESAR MONTEIRObVa E Viem di Joao Cesar Monteiro a1a ed. aBERGAMObFEDERAZIONE ITALIANA CINEFORUMc2004 bPaulus - SPICS - Società San Paolo EM (non-commercial uses only)cCopyright2015 a3 p. [8-11] aScheda, Trama e Recensione del Film. Danzare con il Morto. Film Portoghesedel 2003. aCINEMAvPUBBLICAZIONE PERIODICA